000 00441 a2200157 4500
999 _c50
_d50
020 _a97805346052
050 _aBC177 GOV 2005
100 _aGovier, Trudy
_eauthor
245 _aA practical study of argument /
_cTrudy Govier.
264 _aBelmont :
_bWadsworth Pub. Co.,
_c2005
300 _axii, 479p. :
500 _aIncludes bibliographical references and index.
650 _aReasoning
650 _aLogic
942 _2lcc
_cBK
_h177
_iGOV
_kBC